| 000 | 00517nam a2200169 a 4500 | ||
|---|---|---|---|
| 001 | 4381 | ||
| 003 | CDMR | ||
| 005 | 20131025175051.0 | ||
| 008 | 130130s2008||||||||||||||||||||||||||||d | ||
| 020 | _a9788474269956 | ||
| 040 |
_aCDMR _bcat _cCPC GIRONA |
||
| 245 | 0 | 3 |
_aEl genocidi franquista a València _b: les fosses silenciades del cementiri _cFòrum per la Memòria del País Valencià |
| 260 |
_c2008 _bIcaria _aBarcelona |
||
| 650 | 0 | 4 |
_93312 _aFranquisme |
| 650 | 0 | 4 |
_93170 _aPersecucions polítiques |
| 942 |
_cMON _2udc |
||
| 999 |
_c4381 _d4381 |
||